000 00504nam a2200181Ia 4500
005 20230130133607.0
008 131103s9999 xx 000 0 und d
040 _aLoreto College
041 _aEnglish
082 _a839.7
_bSTR
245 _aStrindberg
_b a collection of critical essays
_cedited by Otto Reinert
260 _aNew Jersey
_bPrentice Hall
_c1971
300 _a178p.
504 _aIncludes bibliographical references
700 _aReinert, Otto; ed.
850 _aLCLIB
942 _cBK
999 _c22832
_d73311